000 00703nam a22002297a 4500
999 _c10734
_d10734
003 AR-CdUCM
008 190401b ||||| |||| 00| 0 spa d
040 _aMUNICIPALIDAD PROVINCIAL DEL CUSCO
_cBIBLIOTECA MUNICIPAL DEL CUSCO
041 _hfre
082 _aES / 800 /
_bD97
_23ed.
100 _aDumas, Alejandro
_92589
245 _aVeinte Años Después /
260 _aBarcelona :
_bBruguera S. A. ;
_c1961.
300 _a255 páginas ;
_bIlustraciones
_c20cm
440 _aColección Historias
_927112
505 _aContenido: Novela
650 _aNovela
_9572
650 _aLiteratura juvenil
_91580
700 _aLillo, H. (traducción)
_927526
942 _2ddc
_cLIBROS
945 _anom